|
|
|
|
| LEADER |
00000nam a2200000Ii 4500 |
| 001 |
DIGEDUNAV0079 |
| 003 |
NyNyDIG0 |
| 006 |
m o d |
| 007 |
cr ||||||||||| |
| 008 |
220225s2008 sp ob 000 0 spa d |
| 035 |
|
|
|a (OCoLC)847598665
|
| 040 |
|
|
|a DGITA
|b eng
|e rda
|e pn
|c DGITA
|
| 020 |
|
|
|z 9788431325671
|
| 050 |
1 |
4 |
|a LB41 ebook
|
| 082 |
0 |
4 |
|a 370.11
|
| 100 |
1 |
|
|a Naval Durán, Concepción,
|e author.
|
| 245 |
1 |
0 |
|a Enseñar y aprender :
|b una propuesta didáctica /
|c Concepción Naval.
|
| 264 |
|
1 |
|a Pamplona :
|b EUNSA, Ediciones Universidad de Navarra,
|c [2008]
|
| 300 |
|
|
|a 1 online resource.
|
| 336 |
|
|
|a text
|2 rdacontent
|
| 337 |
|
|
|a computer
|b c
|2 rdamedia
|
| 338 |
|
|
|a online resource
|b cr
|2 rdacarrier
|
| 347 |
|
|
|a text file
|2 rdaft
|
| 347 |
|
|
|b PDF
|
| 490 |
1 |
|
|a Astrolabio. Serie Educación
|
| 504 |
|
|
|a Includes bibliographical references.
|
| 588 |
0 |
|
|a Online resource; title from PDF title page (Digitalia, viewed February 25, 2022)
|
| 650 |
|
0 |
|a Education
|x Aims and objectives.
|
| 650 |
|
0 |
|a Education
|x Research.
|
| 655 |
|
0 |
|a Electronic books.
|
| 776 |
0 |
8 |
|i Print version:
|a Naval Durán, Concepción.
|t Enseñar y aprender.
|b Primera edición.
|d Pamplona : EUNSA, Ediciones Universidad de Navarra, Septiembre 2008
|z 9788431325671
|
| 791 |
2 |
|
|a Digitalia (Firm),
|e distributor.
|
| 793 |
0 |
|
|g Digitalia eBook Collection:
|a Ediciones Universidad de Navarra
|
| 830 |
|
0 |
|a Educación (Ediciones Universidad de Navarra, S.A.)
|
| 856 |
4 |
0 |
|3 Digitalia Hispánica
|u https://www.digitaliapublishing.com/a/51390/
|
| 910 |
|
|
|a Premium Collection: 2022
|